Normal view MARC view

Entry Nombre geográfico

Number of records used in: 2

001 - NÚMERO DE CONTROL

  • campo de control: 75079

003 - IDENTIFICADOR DE NÚMERO DE CONTROL

  • campo de control: OSt

005 - FECHA Y HORA DE LA ÚLTIMA TRANSACCIÓN

  • campo de control: 20241029134545.0

008 - ELEMENTOS DE DATO DE LONGITUD-FIJA

  • campo de control de longitud fija: 240704 b aiznnaaan n bnc d

024 7# - IDENTIFICADOR DE OTROS ESTÁNDARES

  • Número estándar o código: http://id.loc.gov/authorities/names/n79053090
  • Fuente: lcnaf

024 7# - IDENTIFICADOR DE OTROS ESTÁNDARES

  • Número estándar o código: http://viaf.org/viaf/128544491
  • Fuente: viaf

024 7# - IDENTIFICADOR DE OTROS ESTÁNDARES

  • Número estándar o código: https://www.wikidata.org/wiki/Q28
  • Fuente: wikidata

024 7# - IDENTIFICADOR DE OTROS ESTÁNDARES

  • Número estándar o código: http://www.isni.org/isni/0000000122540380
  • Fuente: isni

040 ## - FUENTE DE CATALOGACIÓN

  • Centro catalogador/agencia de origen: SpMaBN
  • Lengua de catalogación: spa
  • Centro/agencia transcriptor: SpMaBN
  • Normas de descripción: rdc
  • Convención/Normas de encabezamiento de materia/tesauro: embne

151 ## - ENCABEZAMIENTO--NOMBRE GEOGRÁFICO

  • Nombre geográfico: Hungría

451 ## - TRAZADO DE VÉASE--NOMBRE GEOGRÁFICO

  • Nombre geográfico: Magyar Népköztársaság

451 ## - TRAZADO DE VÉASE--NOMBRE GEOGRÁFICO

  • Nombre geográfico: República húngara

551 ## - TRAZADO DE VÉASE ADEMÁS--NOMBRE GEOGRÁFICO

  • Subcampo de control: g
  • Nombre geográfico: Países de la Unión Europea

551 ## - TRAZADO DE VÉASE ADEMÁS--NOMBRE GEOGRÁFICO

  • Subcampo de control: h
  • Nombre geográfico: Baranya (Hungría)

551 ## - TRAZADO DE VÉASE ADEMÁS--NOMBRE GEOGRÁFICO

  • Subcampo de control: h
  • Nombre geográfico: Györ-Sopron

551 ## - TRAZADO DE VÉASE ADEMÁS--NOMBRE GEOGRÁFICO

  • Subcampo de control: h
  • Nombre geográfico: Szabolcs-Szatmár-Bereg (Hungría, Condado)

551 ## - TRAZADO DE VÉASE ADEMÁS--NOMBRE GEOGRÁFICO

  • Nombre geográfico: Imperio austrohúngaro

670 ## - FUENTE DE DATOS ENCONTRADOS

  • Cita de la fuente: Gran Atlas Aguilar, 1969
  • Información encontrada: (Hungría)

670 ## - FUENTE DE DATOS ENCONTRADOS

  • Cita de la fuente: LCSH
  • Información encontrada: (Hungary)

670 ## - FUENTE DE DATOS ENCONTRADOS

  • Cita de la fuente: RAMEAU
  • Información encontrada: (Hongrie)

Powered by Koha